My life for the poor Mother Teresa of calcuta / (Record no. 354758)
[ view plain ]
| 000 -LEADER | |
|---|---|
| fixed length control field | 00338nam a2200109Ia 4500 |
| 008 - FIXED-LENGTH DATA ELEMENTS--GENERAL INFORMATION | |
| fixed length control field | 180205s9999 xx 000 0 und d |
| 020 ## - INTERNATIONAL STANDARD BOOK NUMBER | |
| International Standard Book Number | 345337808 |
| 100 ## - MAIN ENTRY--PERSONAL NAME | |
| Personal name | Gonzales-Balado, Jose Luis |
| 245 ## - TITLE STATEMENT | |
| Statement of responsibility, etc | Playfoot, Janet N. |
| Title | My life for the poor Mother Teresa of calcuta / |
| 260 ## - PUBLICATION, DISTRIBUTION, ETC. (IMPRINT) | |
| Place of publication, distribution, etc | USA |
| Name of publisher, distributor, etc | Ballantine Books |
| Date of publication, distribution, etc | 1985 |
| 300 ## - PHYSICAL DESCRIPTION | |
| Extent | vii, 114 pages |
| Withdrawn status | Lost status | Source of classification or shelving scheme | Damaged status | Home library | Current library | Shelving location | Date acquired | Source of acquisition | Total Checkouts | Full call number | Barcode | Date last seen | Price effective from | Koha item type |
|---|---|---|---|---|---|---|---|---|---|---|---|---|---|---|
| Library of Congress Classification | Archives | Archives | 02/05/2018 | Donation | BX 4406 .G643 1985 | C1017 | 05/15/2018 | 02/05/2018 | Books |